| 000 | 01599nam a22003857a 4500 | ||
|---|---|---|---|
| 003 | CHAP | ||
| 005 | 20220329143110.0 | ||
| 008 | 060316d2006 mx abd r 00110 spa d | ||
| 010 | _a91892 | ||
| 011 | _a92864 | ||
| 035 | _a103430 | ||
| 040 | _cCHAP | ||
| 090 | _aTesis | ||
| 100 | 1 |
_aAlvarez Melchor, Caritina _94942 |
|
| 245 | 1 | 0 |
_aIdentificación y análisis de los costos de producción en leche y cabrito para la cooperativa El Salinero S. C. de R. L. como alternativa de desarrollo _c/por Caritina Alvarez Melchor y Ricarda Barragán |
| 260 |
_aChapingo, Méx. : _bEl autor, _c2006 |
||
| 300 |
_a116 h. : _bilus. ; gráfs. ; mapa ; cuadros ; diagrama |
||
| 502 | _aTesis (Lic. en Administración de Empresas Agropecuarias) -- UACH. División de Ciencias Económico Administrativas | ||
| 590 |
_aALEPH _b10 _c20130110 _lUCH01 _h1510 |
||
| 590 |
_aBATCH-UPD _b10 _c20130110 _lUCH01 _h0621 |
||
| 590 |
_aBATCH-UPD _b10 _c20130410 _lUCH01 _h0304 |
||
| 590 |
_aBATCH-UPD _b10 _c20130914 _lUCH01 _h0257 |
||
| 590 |
_aBATCH-UPD _b10 _c20130914 _lUCH01 _h2118 |
||
| 590 |
_aCONVERSION _b10 _c20130109 _lUCH01 _h1351 |
||
| 650 | 1 | 4 |
_aCostos de producción. _928514 |
| 650 | 1 | 4 |
_aGanado cabrío _xAspectos económicos. _944994 |
| 650 | 1 | 4 |
_aGanado cabrío _xProducción. _945038 |
| 650 | 1 | 4 |
_aLeche _xCostos de producción. _965371 |
| 700 | 1 |
_aBarragán, Ricarda. _910328 |
|
| 901 | _aBK | ||
| 905 | _aMarco A. Mendoza T. | ||
| 942 | _cFOLL | ||
| 949 |
_aTesis _bBC _cTES _d00000001034301 _eTS1 _gDonaciØn _h44927 _i103430 _sb |
||
| 949 |
_aTesis _bBC _cTES _d33724000980454 _eTS2 _fc.2 _gDonaciØn _h44928 _i103430 _sb |
||
| 999 |
_c91892 _d91892 |
||